000 01424cam a2200373 a 4500
001 13782696
003 OSt
005 20250901165802.0
008 041116s2005 nyu 000 1 eng
010 _a 2004027172
020 _a0525948597 (alk. paper)
035 _a(OCoLC)ocm57007923
040 _aDLC
_cDLC
_dYDX
_dVP@
_dOCL
_dBAKER
_dDLC
043 _an-us-co
050 0 0 _aPS 3573 .H47477 M57 2005
_bM57 2005
082 0 0 _a813/.54
_222
100 1 _aWhite, Stephen,
_d1951-
245 1 0 _aMissing persons /
_cStephen White.
260 _aNew York :
_bDutton,
_cc2005.
300 _a391 p. ;
_c24 cm.
650 0 _aGregory, Alan (Fictitious character)
_vFiction.
650 0 _aPsychotherapist and patient
_vFiction.
650 0 _aParanoid schizophrenics
_vFiction.
650 0 _aClinical psychologists
_vFiction.
650 0 _aMissing persons
_vFiction.
651 0 _aBoulder (Colo.)
_vFiction.
655 7 _aPsychological fiction.
_2lcsh
655 7 _aMystery fiction.
_2gsafd
856 4 2 _3Contributor biographical information
_uhttp://www.loc.gov/catdir/enhancements/fy0719/2004027172-b.html
856 4 2 _3Publisher description
_uhttp://www.loc.gov/catdir/enhancements/fy0719/2004027172-d.html
906 _a7
_bcbc
_corignew
_d1
_eecip
_f20
_gy-gencatlg
942 _2lcc
_cBK
999 _c9209
_d9209